| 000 | 00392nam a2200169Ia 4500 | ||
|---|---|---|---|
| 008 | 230524s9999 xx 000 0 und d | ||
| 020 | _a063205459X | ||
| 082 |
_a547 _bLEE |
||
| 100 | _aJ.D.Lee | ||
| 245 | 0 | _aConcise Inorganic Chemistry | |
| 250 | _a5TH | ||
| 260 |
_aGERMANY _bBlackwell _c2005 |
||
| 300 | _aXV;398 | ||
| 500 | _aQuantity Number: 20 | ||
| 650 | _aChemistry | ||
| 942 | _cBK | ||
| 999 |
_c6569 _d6569 |
||